000 00852nam a2200265 a 4500
001 000016676
003 DO-SdBNP
005 20250827101305.0
008 100309s1993 dr 000 0 spa d
040 _aDO-SdBNP
_bspa
_cBNPHU
_erda
049 _aBNPD
082 4 _aRD863.44
_bM827c
_222
100 1 _aMora Serrano, Manuel,
_c1933-
_d1933-
_95162
245 1 0 _aCucarachas :
_bfabulilla /
_cManuel Mora Serrano.
264 4 _aSanto Domingo :
_bEditorial Gente,
_c1993.
300 _a34 páginas ;
_c22 cm.
336 _atexto
_btxt
_2rdacontent
337 _asin mediación
_bn
_2rdamedia
338 _avolumen
_bnc
_2rdacarrier
500 _aIncluye datos biográficos del autor en la contraportada
650 4 _aFábulas dominicanas
_97204
650 4 _aLiteratura dominicana.
_967
910 _aValidado. Control de calidad/MAA
942 _2ddc
_cLF2
999 _c16209
_d16209